La circulation de la vie (Record no. 159871)

MARC details
000 -LEADER
campo de control de longitud fija 00841nam a22001935i 4500
001 - NÚMERO DE CONTROL
campo de control 159871
003 - IDENTIFICADOR DE NÚMERO DE CONTROL
campo de control ES-MaACL
005 - FECHA Y HORA DE LA ÚLTIMA TRANSACCIÓN
campo de control 20251002203606.0
008 - DATOS DE LONGITUD FIJA--INFORMACIÓN GENERAL
campo de control de longitud fija 990701s1866 fr |||| | fre d
040 ## - FUENTE DE CATALOGACIÓN
Centro catalogador/agencia de origen GA
Lengua de catalogación spa
Centro/agencia transcriptor CCPB | 3D
100 1# - ENTRADA PRINCIPAL--NOMBRE DE PERSONA
Nombre de persona Moleschott, Jacques.
9 (RLIN) 130019
245 13 - MENCIÓN DEL TÍTULO
Título La circulation de la vie
Resto del título : lettres sur la phycologie en résponse aux lettres sur la chimie de Liebig /
Mención de responsabilidad, etc. par Jac. Moleschott ; traduit l'allemand ... par le Dr. E. Cazelles.
260 ## - PUBLICACIÓN, DISTRIBUCIÓN, ETC.
Lugar de publicación, distribución, etc. Paris :
Nombre del editor, distribuidor, etc. Germer Baillière,
Fecha de publicación, distribución, etc. 1866 (
Fabricante Imprimerie de E. Martinet)
300 ## - DESCRIPCIÓN FÍSICA
Extensión 2 v. (XXVIII, 201 ; 233 p.) ;
Dimensiones 19 cm.
505 8# - NOTA DE CONTENIDO CON FORMATO
Nota de contenido con formato Contiene : un estracto del catálogo de la librería Germer Bailliére
700 1# - ENTRADA AGREGADA--NOMBRE PERSONAL
Nombre de persona Cazelles, Émile,
Fechas asociadas al nombre 1831-1908
9 (RLIN) 126406
852 ## - LOCALIZACIÓN
Ubicación ES-MaACL
Número de control de estantería F-12250
Nota libre -- Enc. pasta española
-- -- 2 t. en 1 v.
Holdings
Estatus retirado Estado de pérdida Estado de daño No para préstamo Colección Biblioteca de origen Biblioteca actual Ubicación en estantería Fecha de adquisición Fuente de adquisición Total de préstamos Signatura topográfica completa Código de barras Visto por última vez Precio de reemplazo Tipo de ítem Koha
        Libros del s. XIX Biblioteca del Ateneo de Madrid Biblioteca del Ateneo de Madrid Sala Pecera Planta 2 17/01/2008     F-12250 1167362 23/02/2023 23/02/2023 Libro impreso antiguo